000
00224nmm a2200085Ia 4500
008
220120s9999||||xx |||||||||||||||||und||
100
_a
Vinci, Da
245
0
_a
HDL Programming Fundamentals : VHDL & Verilog
260
_b
Ponnampet
999
_c
138485
_d
138485